| 000 | 00355nam a22001457a 4500 | ||
|---|---|---|---|
| 003 | SGT | ||
| 082 |
_a617.692 _bI21R |
||
| 100 | _aREWARI, ALISHA | ||
| 245 | _aThe influence of three different impression.. | ||
| 260 |
_aGurugram, Haryana _bSGT University _c2021 |
||
| 300 | _a78 | ||
| 650 | _aProsthodontics | ||
| 653 | _aProsthodontics | ||
| 942 |
_2ddc _cTH |
||
| 999 |
_c23563 _d23563 |
||